000 00405nam a2200181Ia 4500
008 210210b2010 xxu||||| |||| 00| 0 eng d
020 _a9780141037851
041 _aeng
082 _a323.4 SENI
100 _aSEN (Amartya)
245 _aIdea of justice
260 _aLondon
_bPenguin Books
_c2010
300 _axxvii,468
650 _aof
650 _ajustice
650 _aIdea
906 _a067620
999 _c150806
_d150806